00545nam a22001577a 4500020001500000082001600015100001600031245003900047260004900086300002200135500002000157650005400177942000700231999001700238952013200255 a818975761X a621.381 GUP aGupta, J.B. aFundamentals of analog electronics aNew Delhi, IndiabS.K. Kataria & Sons.c2012 av, 456 p.bill. ; aIncludes index. a1.Analog electronic systems. 2.Signal processing. cBK c12619d12619 001040708NFICaCLbCLcGENd2013-12-27eAllied Book Companyg479.60l0o621.381 GUPpSEECS013035r2019-10-07w2014-01-13yBK